| 000 | 00000nam 2200000za 4500 |
| 001 | 9.618178 |
| 003 | CaOODSP |
| 005 | 20241203113634 |
| 007 | ta |
| 008 | 150406|2007||||xxc||||| f|0| 0 eng d |
| 020 | |a978-0-662-45060-3 |
| 022 | |a1712-0209 |
| 040 | |aCaOODSP|beng |
| 043 | |an-cn--- |
| 086 | 1 |aEn153-113/64-2007E |
| 110 | 1 |aCanada. |bEnvironment Canada. |
| 245 | 10|aWastewater - EcoboxTM : |ba biological alternative for advanced secondary treatment of domestic wastewater from isolated dwellings |
| 260 | |bEnvironment Canada |cFebruary 2007. |
| 300 | |a1 folded sheet ([4]p.) : |bcoloured illus., table ; |c28 cm. |
| 490 | 1 |aTechnological innovation|x1712-0209 |
| 520 | 3 |aThis data sheet is part of a series that disseminates the results of technology development and demonstration projects. Data sheets cover the following areas: wastewater, atmospheric emissions, contaminated soil, waste management, hazardous waste, agri-environment, and innovative tools and processes. |
| 563 | |aPamphlet |
| 590 | |a08-06|b2008-02-08 |
| 690 | 07|aWaste water|2gcpds |
| 775 | 08|tEaux usées - ÉcoboxMC : |w(CaOODSP)9.627400 |
| 776 | 0#|tWastewater : |w(CaOODSP)9.925047 |
| 830 | #0|aEnvironment, technological innovation,|x1712-0209|w(CaOODSP)9.515213 |